La pesca deportiva continental en Colombia : (Registro nro. 60506)

Detalles MARC
000 -CABECERA
Longitud fija campo de control 04219aam a2200493 i 4500
003 - • IDENTIFICADOR DELl NÚMERO DE CONTROL
Identificador del número de control CO-BoRNBP
005 - • FECHA Y HORA DE LA ÚLTIMA TRANSACCIÓN
Fecha y hora de la última transacción 20260217165807.0
007 - • CAMPO FIJO DE DESCRIPCIÓN FÍSICA
Campo fijo de descripción física ta
008 - • CÓDIGOS DE INFORMACIÓN DE LONGITUD FIJA
Códigos de información de longitud fija 210721s2019 ck abdogr 001 0 spa d
020 ## - • NÚMERO INTERNACIONAL NORMALIZADO PARA LIBROS
Número Internacional Normalizado para Libros (ISBN) 9789585418868
020 ## - • NÚMERO INTERNACIONAL NORMALIZADO PARA LIBROS
Número Internacional Normalizado para Libros (ISBN) 958541886X
040 ## - FUENTE DE LA CATALOGACIÓN
Centro catalogador de origen CO-BoUNC
Lengua de catalogación spa
Normas de descripción rda
Centro transcriptor CO-BoUNC
041 0# - • CÓDIGO DE LENGUA
Código de lengua del texto/banda sonora o título independiente spa
043 ## - CÓDIGO DE ÁREA GEOGRÁFICA
Código de área geográfica s-ck---
082 04 - • NÚMERO DE LA CLASIFICACIÓN DECIMAL DEWEY
Número de clasificación (R) 799.1109861
Número del ítem L347p
Número de edición 23
100 1# - • PUNTO DE ACCESO PRINCIPAL-NOMBRE DE PERSONA
Nombre de persona Lasso, Carlos Andrés
Término indicativo de función autor
245 13 - • TITULO PROPIAMENTE DICHO
Título La pesca deportiva continental en Colombia :
Resto del título guia de las especies de agua dulce /
Mención de responsabilidad, etc. Carlos A. Lasso, Carlos R. Heinsohn, Steven Jensen, Mónica Morales Betancourt ; editor Carlos A. Lasso ; ilustraciones Carlos R. Heinsohn ; presentación por Hernando García, Nicolás del Castillo piedrahíta, Carlos R. Heinsohn, Steven Jenseni
250 ## - • MENCIÓN DE EDICIÓN
Mención de edición Primera edición
264 #1 - PRODUCCIÓN, PUBLICACIÓN , DISTRIBUCIÓN, FABRICACIÓN Y COPYRIGHT
Lugar de producción, publicación, distribución, fabricación Bogotá :
Nombre del productor, editor, distribuidor, fabricante Instituto de Investigación de Recursos Biológicos Alexander Von Humboldt,
Lugar de producción, publicación, distribución, fabricación Tame, Arauca :
Nombre del productor, editor, distribuidor, fabricante Fundación Orinoquia.,
Fecha de de producción, publicación, distribución, fabricación o copyright 2019.
300 ## - • DESCRIPCIÓN FÍSICA
Extensión 298 páginas :
Otras características físicas ilustraciones a color, diagramas, fotografías, láminas, mapas ;
Dimensiones 25 cm.
336 ## - TIPO DE CONTENIDO
Término de tipo de contenido texto
Código de tipo de contenido txt
Fuente rdacontent
337 ## - TIPO DE MEDIO
Nombre del tipo de medio sin mediación
Código del tipo de medio n
Fuente rdamedia
338 ## - TIPO DE SOPORTE
Nombre del tipo de soporte volumen
Código del tipo de soporte nc
Fuente rdacarrier
490 1# - • MENCIÓN DE SERIE
Mención de serie Serie recursos hidrobiológicos y pesqueros continentales de Colombia
Designación de volumen o secuencia v 18
500 ## - • NOTA GENERAL
Nota general Incluye datos de contacto y afiliaciones de los autores (página 15)
504 ## - • NOTA DE BIBLIOGRAFÍA, ETC
Nota de bibliografía, etc. Incluye referencias bibliográficas (páginas 275-295) índice de nombres comunes y de nombres científicos
505 0# - • NOTA DE CONTENIDO CON FORMATO
Nota de contenido con formato 1. La pesca deportiva en Colombia ; 2. Marco normativo ; 3. Métodos y equipos de pesca deportiva ; 4. Zonas de pesca: descripción general ; 5. Especies de interés para la pesca deportiva ; 6. Catálogo de especies
520 1# - • NOTA DE RESUMEN
Resumen, etc, Desde el 2019 el Instituto Humboldt ha venido trabajando en una agenda nacional centrada en los Recursos Hidrobiológicos y Pesqueros Continentales de Colombia. Dada la importancia de este componente de la biodiversidad para las comunidades humanas de esta Colombia Anfibia, los peces y su aprovechamiento han tenido una atención particular, con un liderazgo en estudios orientados a su conservación y aprovechamiento sostenible. Esta agenda nace en el 2010 con la elaboración del Catálogo Pesquero Continental de Colombia -probablemente el único en su estilo en América del Sur-; continuó con el análisis de las Pesquerías Continentales en 2011, y en el 2013 se publicó el estudio de la pesca ornamental. En los últimos dos años, bajo el liderazgo de la línea de Recursos Hidrobiológicos y Pesqueros del Instituto, se dio inicio a un proyecto centrado en la pesca deportiva en Colombia. Este tipo de pesca también denominada por algunos autores como pesca recreativa o \201CSport Fishing\201D, tiene una gran importancia como actividad lúdica y oportunidad de negocio para comunidades locales, pero requiere un conocimiento disponible para asegurar su sostenibilidad. La pesca deportiva se realiza prácticamente en toda Colombia, tanto en el mar como en las aguas dulces, incluyendo numerosos ecosistemas \201Cartificiales o antropizados\201D, donde habitan incluso especies exóticas y trasplantadas. Las cuencas más ricas para la pesca deportiva o recreativa en Colombia son el Amazonas, el Orinoco y luego la cuenca del Magdalena-Cauca --
546 ## - • NOTA DEL IDIOMA
Nota de lengua Textos en español con resúmenes en español e inglés
650 17 - • PUNTO DE ACCESO ADICIONAL DE MATERIA - TÉRMINO DE MATERIA
Término de materia o nombre geográfico como elemento inicial Pesca deportiva
Subdivisión geográfica Colombia
Fuente del encabezamiento o término BNE
650 17 - • PUNTO DE ACCESO ADICIONAL DE MATERIA - TÉRMINO DE MATERIA
Término de materia o nombre geográfico como elemento inicial Pesca deportiva
Subdivisión de materia general Normas
Subdivisión geográfica Colombia
Fuente del encabezamiento o término BNE
650 17 - • PUNTO DE ACCESO ADICIONAL DE MATERIA - TÉRMINO DE MATERIA
Término de materia o nombre geográfico como elemento inicial Pesca de agua dulce
Subdivisión geográfica Colombia
Fuente del encabezamiento o término BNE
650 17 - • PUNTO DE ACCESO ADICIONAL DE MATERIA - TÉRMINO DE MATERIA
Término de materia o nombre geográfico como elemento inicial pesca
Subdivisión de materia general Equipos y accesorios
Subdivisión geográfica Colombia
Fuente del encabezamiento o término LEMB
650 17 - • PUNTO DE ACCESO ADICIONAL DE MATERIA - TÉRMINO DE MATERIA
Término de materia o nombre geográfico como elemento inicial Peces de agua dulce
Subdivisión geográfica Colombia
Fuente del encabezamiento o término LEMB
650 17 - • PUNTO DE ACCESO ADICIONAL DE MATERIA - TÉRMINO DE MATERIA
Término de materia o nombre geográfico como elemento inicial Pesca deportiva ;
Subdivisión de forma Catálogo
Fuente del encabezamiento o término LEMB
700 1# - • PUNTO DE ACCESO ADICIONAL - NOMBRE DE PERSONA
Nombre de persona Heinsohn Mallarino, Carlos Roberto
Término indicativo de función autor
-- ilustrador
-- autor de presentación
700 1# - • PUNTO DE ACCESO ADICIONAL - NOMBRE DE PERSONA
Nombre de persona Jensen, Steven
Término indicativo de función autor
-- autor de presentación
700 1# - • PUNTO DE ACCESO ADICIONAL - NOMBRE DE PERSONA
Nombre de persona Morales Betancourt, Mónica Andrea
Término indicativo de función autor
700 1# - • PUNTO DE ACCESO ADICIONAL - NOMBRE DE PERSONA
Nombre de persona García, Hernando
Término indicativo de función autor de presentación
700 1# - • PUNTO DE ACCESO ADICIONAL - NOMBRE DE PERSONA
Nombre de persona Castillo Piedrahita, Nicolás del
Término indicativo de función autor de presentación
830 #0 - • PUNTO DE ACCESO ADICIONAL DE SERIE - TÍTULO UNIFORME
Título uniforme Serie recursos hidrobiológicos y pesqueros continentales de Colombia
Designación de volumen o secuencia v 18
942 ## - ENTRADA DE ELEMENTOS AGREGADOS (KOHA)
Fuente de clasificaión o esquema Dewey Decimal Classification
Koha [por defecto] tipo de item LIbro
Existencias
Perdido Fuente de clasificación o esquema Estado Físico No para préstamo Localización permanente Localización actual Fecha adquisición Préstamos totales Signatura completa Código de barras Fecha última consulta Número de copia Fecha del precio de reemplazo Tipo de item de Koha Forma de adquisición Localización en estanterías
  Dewey Decimal Classification     Biblioteca Pública Dorado Biblioteca Pública Dorado 02/25/2026   799.1109861 L347p DOR03434 02/25/2026 Ej.1 02/25/2026 LIbro Colección General General
  Dewey Decimal Classification     Biblioteca Pública Guamal Biblioteca Pública Guamal 02/17/2026   799.1109861 L347p GUA005048 02/17/2026 Ej.1 02/17/2026 LIbro    









Instituto Departamental de Cultura del Meta - Red Departamental de Bibliotecas Públicas del Meta.